Undercover Colorado

Bibliographic Details
Main Author: Miles, Cassie
Format: Book
Language:English
Published: Chatswood, N. S. W. Harlequin Mills & Boon 2006
Edition:1st Australian pbk. ed
Series:Intrigue. Rocky Muntain safe house ; 709
Subjects:
LEADER 00701cam a2200229 a 4500
001 0000134611
005 20140120090000.0
040 |a mod 
041 |a eng 
020 |a 0733568912 
090 0 0 |a F  |b MIL  |e 2006 
100 1 |a Miles, Cassie 
245 1 0 |a Undercover Colorado  |c Cassie Miles 
250 |a 1st Australian pbk. ed 
260 |a Chatswood, N. S. W.  |b Harlequin Mills & Boon  |c 2006 
300 |a 251 p.  |c 17 cm 
490 0 |a Intrigue. Rocky Muntain safe house ; 709 
500 |a "Rocky Mountain safe house " -- Cover 
650 0 0 |a Undecover operations  |x Fiction 
651 0 |a Colorado  |x Fiction 
852 0 0 |a 01 
999 |a B000020695  |b KDSI LUMUT  |d BOOKS  |e Fiksyen (F)  |f Other Branches  |j AVAILABLE  |q GOOD CONDITION